000 00264nam a22001097a 4500
999 _c57903
_d57900
082 _a629.895416GAD
100 _aGadre D V
245 _aTiny AVR microcontroller project for the evil genius
260 _aNew Delhi
_bMcGraw Hill
_c2011
300 _a251
942 _cBK